000 00613nam a22002177a 4500
003 UA-OsUOA
001 101647
007 ta
008 20130704b un ||||| |||| 00| 0 ukr d
100 _aКовальчук С.
090 _a02
_bК56
942 _cSA
040 _aUA-OsUOA
_bukr
_cUA-OsUOA
_dUA-OsUOA
245 _aНормативне забезпечення діяльності публічних бібліотек зарубіжних країн
300 _aС.16-21
955 _a0
041 _aukr
080 _a02
773 0 _w101646
650 7 _a02 Бібліотечна справа
_2UDC
999 _c387839
_d387839